MDQL
is popping MORE tags! Check the
thread
!
Quizzes
Events
Quiz Creation
Community
Videos
Private Events
Remove Ads
Sign In
Join for FREE
Feedback
Dark Mode
Quiz Categories
Sports
Geography
Music
Movies
Television
Just For Fun
Miscellaneous
History
Literature
Language
Science
Gaming
Entertainment
Religion
Holiday
For Kids
Quiz Lab
Recent
Popular Today
Quiz Kudos Today
Editor Picks
Curator Picks
Quizzes by...
Day
Popularity
Type
Ratings
Length
Year
Community
Subscriptions
Recent Discussions
Orange Saloon
Badges
Playlists
Quests
Create
Leaderboards
Showdown
Live 5
Trivia Bingo
Activity
Puzzle Library
Sporcle Events
Private Events
Virtual Trivia
Globe League
Become a Host
Pub Owners
SporcleCon
Opinionation
Our Games
Videos
Blog
Mobile Apps
Partnerships
Remove Ads and Go Orange
Feedback
Miscellaneous
Crossword
General Knowledge
Baby Names
Logo
Food
Cars
Numbers
Grab Bag
University
College
Popular
Company
Slogans
Restaurants
Justice
Letter
Miscellaneous
Crossword
General Knowledge
Baby Names
Logo
Food
Cars
Numbers
Grab Bag
University
College
Popular
Company
Slogans
Restaurants
Justice
Letter
Random Quiz
Search Sporcle
×
Quiz Lab
Quiz Lab
Miscellaneous
google
Type in answers that appear in a list
Type in answers that appear in a list
Classic
Best Score? Go Orange.
Top Google Searches 2004 Stats
Can you name the Top Google Searches of 2004?
By
Ziolkowski113
7m
25 Questions
43 Plays
43 Plays
43 Plays
Comments
Comments
Give Quiz Kudos
Give Quiz Kudos
-
- Ratings
hide this ad
Replay
Link that replays current quiz
Next Quiz
Link to next quiz in quiz playlist
You Got
0%
They Got
Avg Score
10%
Avg Friend Score
Upgrade to see
Score Distribution
Jump to the score distribution portion of the page
Score
0/25
Timer
07:00
0
Plays Today
Category
% Correct
Popular Men
Brad Pitt
67.4%
Popular Women
Britney Spears
51.2%
Popular Women
Christina Aguilera
23.3%
Popular Men
Johnny Depp
18.6%
Popular TV Shows
South Park
18.6%
Popular TV Shows
The Simpsons
16.3%
Popular TV Shows
Charmed
16.3%
Popular Women
Paris Hilton
9.3%
Popular Women
Pamela Anderson
7%
Popular Men
Eminem
4.7%
Popular Tech Stuff
MP3
4.7%
Popular Men
Orlando Bloom
2.3%
Popular Men
Usher
2.3%
Category
% Correct
Popular Women
Carmen Electra
2.3%
Popular Tech Stuff
Linux
2.3%
Popular TV Shows
SpongeBob
2.3%
Popular Consumer Brand Names
eBay
2.3%
Popular Consumer Brand Names
Wal-Mart
2.3%
Popular Consumer Brand Names
Amazon
2.3%
Popular Tech Stuff
Wallpaper
0%
Popular Tech Stuff
Kazaa
0%
Popular Tech Stuff
Spybot
0%
Popular TV Shows
Pokemon
0%
Popular Consumer Brand Names
Mapquest
0%
Popular Consumer Brand Names
Home Depot
0%
Quiz Playlist
Details
Report
Send in Message
Add To Playlist
Classic:
Type in answers that appear in a list
Quiz Source
Last Updated: Feb 16, 2017
Quiz Scoreboard
CHALLENGE
Sign Up to Join the Scoreboard
Show All
Scores
Hide
Comments
May contain spoilers
Recently Published
Two Season TV Shows II
by 123Four
Television
10m
Image Sorting: Flags VI
by Barbecue
Geography
2m
Find the 'City' Movie
by crazypaving
Movies
60s
More to Explore
Quiz From the Vault
Featured Blog Post
14 Easter Pick-up Lines to Find Eggs With
hide this ad
You Might Also Like...
Tags
2004
Category
google
search
Today's Top Quizzes in Miscellaneous
Browse Miscellaneous
hide this ad
Today's Top Quizzes in google
Browse google
Top Contributed Quizzes in Miscellaneous
1
The JOE quick-fire general knowledge quiz: Day 174
2
9x9 Crossword: Disney Movie Titles
3
5-to-1: Fast Food
4
The JOE quick-fire general knowledge quiz: Day 173
5
9x9 Crossword: Charlie and the Chocolate Factory
6
9x9 Crossword: The Simpsons
7
9x9 Crossword: Flags
8
9x9 Crossword: Actors
9
9x9 Crossword: 2022 Movies
10
9x9 Crossword: Pixar Movie Titles
Explore More
Trending Topics
Marvel
Kpop
Disney
Anime
Harry Potter
Crossword
NBA
Soccer
Song
NFL
Puzzle
The Office
Country
WWE
Pokémon
hide this ad
More By:
Ziolkowski113
Quiz
Plays
Rating
Category
Featured
Created
Top Google Searches 2004
43
Miscellaneous
Jul 14, 2010
Longest Bridges in the World
13
5.00
Miscellaneous
Jul 14, 2010
Go to Creator's Profile
Score Distribution
Quiz Creator Spotlight
Ziolkowski113
Follow
Send a Message
Quizzes Created
-
Created Quiz Play Count
-
More By This Creator
Popular Quizzes Today
1
Find the US States - No Outlines Minefield
2
Colored Red Africa Blitz
3
Find the 'City' Movie
4
5x2 Blitz: Bands
5
The Countries of the World
6
Find the Countries of Europe - No Outlines Minefield
7
Find the US States
8
US States
More Miscellaneous Quizzes
20 Entertaining Piñatas
Published
Trending Quizzes
Colored Red Europe Blitz I
Colored Red Africa Blitz II
Colored Red Europe Blitz II
Even More Two Season TV Shows
Colored Red Africa Blitz III
Recently Updated
March Madness Men's Triple Doubles
pecheneg
How Do You Spell That?
pecheneg
Godzilla Movies
pecheneg
Grab Bag: 4-10 Letters
pecheneg
2024 March Madness Bracket
pecheneg
Famous TV Couples
Peacemaker
Champions League XIs: Real Madrid
pecheneg
Largest US Cities 1790-2010
pecheneg
Rides in Walt Disney World
pecheneg
Most Oscar Losses (Acting)
pecheneg
Trending Topics
Kpop
Marvel
Disney
Harry Potter
Anime
NBA
Crossword
Pokémon
Country
Puzzle
The Office
NFL
WWE
Soccer
Song
Your Account Isn't Verified!
In order to create a playlist on Sporcle, you need to verify the email address you used during registration. Go to your
Sporcle Settings
to finish the process.
Report this User
Report this user for behavior that violates our
Community Guidelines
.
Details:
Send Report
Go to the Sporcle.com Mobile Site →
Comments